Ley General de Salud y Ley Orgánica del Ministerio de Salud

Պահպանված է:
Մատենագիտական մանրամասներ
Համատեղ հեղինակ: Costa Rica. Asamblea Legislativa
Ձևաչափ: Տեքստ
Հրապարակվել է: San José: Ministerio de Salud. Imprenta Nacional
Ցուցիչներ: Ավելացրեք ցուցիչ
Չկան պիտակներ, Եղեք առաջինը, ով նշում է այս գրառումը!

MARC

LEADER 00000 a a2200000 04500
001 15864
003
040
090 |a 016700  
110 |a Costa Rica. Asamblea Legislativa  
245 |a Ley General de Salud y Ley Orgánica del Ministerio de Salud  
260 |a San José:   |b Ministerio de Salud. Imprenta Nacional  
300 |a 69 p.  
999 |c 16452  |d 16452